Paroles - Mourir demain - Pascal Obispo & Natasha St Pier - Statistiques

Statistiques générales
  • Ce quiz a été pris 659 fois
  • Le résultat moyen est 177 sur 224
Statistiques - réponses
Réponse % Correct
de
99%
demain
98%
mourir
98%
que
98%
Que
98%
Si
98%
on
97%
Moi,
96%
moi,
96%
a
95%
devait
95%
je
95%
tu
94%
plus,
92%
plus
92%
qu'est-ce
92%
Qu'est-ce
92%
la
91%
Toi,
91%
toi,
91%
ferait
90%
en
89%
Et
89%
et
89%
t'aimerai,
89%
t'aimerai
89%
y
89%
ferais?
88%
ferais
88%
qui
88%
qu'on
88%
Il
87%
moins
87%
ce
86%
un
85%
quoi?
82%
Une
78%
les
75%
D'autres
73%
d'autres
73%
fois
71%
l'amour
71%
se
71%
dernière
70%
faire
70%
encore
66%
voudraient
64%
mer
63%
ceux
62%
Ceux
62%
avion
61%
du
60%
est
59%
prendraient
57%
eux
56%
Jusqu'à
55%
jusqu'à
55%
chez
54%
s'en
54%
dis
53%
Pour
52%
revoir
51%
prieraient
50%
yeux
50%
fermés
48%
fête
48%
voudrait
47%
bien
46%
matin
46%
tous
46%
jours
45%
ne
45%
Jusqu'au
44%
tout
44%
mal,
43%
s'enfermeraient
43%
plaisir
42%
partir
40%
d'après
39%
m'aimeras
39%
non
39%
rien,
39%
jamais
36%
avait
35%
fin
35%
Avant
33%
Est-ce
32%
leur
31%
rêvé
30%
vivre
30%
boire
29%
s'arrêtera
27%
passé
25%
Certains
24%
donneraient
23%
referaient
21%
fichent
19%
Aucun quiz correspondant
Distribution des résultats
% des personnes avec chaque résultat
Percentile par nombre de réponses
Votre historique - résultats
Vous n’avez pas pris ce quiz